000 00594nam a2200241Ia 4500
003 OSt
005 20221005132142.0
006 a|||||r|||| 00| 0
007 ta
008 221004b |||||||| |||| 00| 0 tam d
024 _a51469
037 _cTextual
040 _aCRL
_cCRL
_btam
041 _2tam
_atam
082 _aP31,J9, 31J6
100 _aPrakasam
245 0 _aThamizh vachanath thai elithil karkum vazhi
260 _c1956
300 _a146p.
_ccm.
650 _aLINGUISTICS
942 _hP31,J9, 31J6
_cTEXL
_2cc
999 _c1062587
_d1062587